[Event "13th World Teams Play-off"]
[Site "Jerusalem ISR"]
[Date "2022.11.23"]
[Round "1.1"]
[White "Nihal, Sarin"]
[Black "Moussard, Jules"]
[Result "1/2-1/2"]
[WhiteElo "2670"]
[BlackElo "2676"]
[PlyCount "83"]
[EventDate "2022.11.23"]
[SourceTitle "Ajedrez en Madrid"]
[Source "lmi"]
[SourceDate "2022.11.20"]
[SourceVersion "1"]
[SourceVersionDate "2022.11.25"]
[SourceQuality "1"]
[WhiteTeam "India"]
[BlackTeam "France"]
[WhiteTeamCountry "IND"]
[BlackTeamCountry "FRA"]

1. c4 e5 2. Nc3 Nf6 3. Nf3 Nc6 4. d3 d5 5. cxd5 Nxd5 6. e4 Nf6 7. Be2 Bc5 8. Be3 Bb6 9. h3 O-O 10. O-O Re8 11. Na4 Nd4 12. Nxb6 Nxf3+ 13. Bxf3 axb6 14. a4 Qd6 15. Qc2 Be6 16. b4 Nd7 17. Rfb1 Reb8 18. Qc3 c5 19. bxc5 bxc5 20. a5 h6 21. Bd1 b6 22. axb6 Rxa1 23. Rxa1 Rxb6 24. Ba4 f6 25. Rd1 Kh7 26. Kh2 Rb7 27. Bxd7 Rxd7 28. Qxc5 Qxc5 29. Bxc5 Bb3 30. Rd2 Bc4 31. d4 exd4 32. Bxd4 Kg6 33. Kg3 f5 34. f3 fxe4 35. fxe4 Kf7 36. Kf4 Ke6 37. Ke3 Rb7 38. Bc3 Rd7 39. Bd4 Rb7 40. Bc3 Rd7 41. Bd4 Rb7 42. Bc3 1/2-1/2

[Event "13th World Teams Play-off"]
[Site "Jerusalem ISR"]
[Date "2022.11.23"]
[Round "1.1"]
[White "Fressinet, Laurent"]
[Black "Narayanan, S.L."]
[Result "0-1"]
[WhiteElo "2622"]
[BlackElo "2673"]
[PlyCount "96"]
[EventDate "2022.11.23"]
[SourceTitle "Ajedrez en Madrid"]
[Source "lmi"]
[SourceDate "2022.11.20"]
[SourceVersion "1"]
[SourceVersionDate "2022.11.25"]
[SourceQuality "1"]
[WhiteTeam "France"]
[BlackTeam "India"]
[WhiteTeamCountry "FRA"]
[BlackTeamCountry "IND"]

1. d4 Nf6 2. c4 e6 3. Nf3 d5 4. Nc3 Bb4 5. Bg5 h6 6. Bxf6 Qxf6 7. Qa4+ Nc6 8. e3 O-O 9. Be2 dxc4 10. O-O Bd7 11. Bxc4 Bd6 12. Ne4 Qe7 13. Qd1 e5 14. d5 Nb8 15. Qb3 Bf5 16. Nxd6 cxd6 17. Rfc1 a5 18. Bb5 Na6 19. Bxa6 Rxa6 20. Rc3 a4 21. Qb4 Qd8 22. Nd2 Qb6 23. Qxb6 Rxb6 24. Nc4 Ra6 25. f3 Bg6 26. Rac1 f5 27. Nd2 e4 28. fxe4 fxe4 29. Rc8 Ra5 30. Rxf8+ Kxf8 31. Rc8+ Ke7 32. Rc7+ Kf6 33. Nb1 Rb5 34. Rc2 Rxd5 35. Nc3 Ra5 36. Rd2 Ke5 37. Rd4 a3 38. b4 Ra8 39. Rd5+ Ke6 40. Rb5 Rc8 41. Ne2 Kf6 42. Rxb7 Rc2 43. Nd4 Rxa2 44. Ra7 Bf7 45. b5 Ra1+ 46. Kf2 a2 47. b6 Rb1 48. b7 Rxb7 0-1

[Event "13th World Teams Play-off"]
[Site "Jerusalem ISR"]
[Date "2022.11.23"]
[Round "1.1"]
[White "Sasikiran, Krishnan"]
[Black "Gharamian, Tigran"]
[Result "1/2-1/2"]
[WhiteElo "2636"]
[BlackElo "2601"]
[PlyCount "129"]
[EventDate "2022.11.23"]
[SourceTitle "Ajedrez en Madrid"]
[Source "lmi"]
[SourceDate "2022.11.20"]
[SourceVersion "1"]
[SourceVersionDate "2022.11.25"]
[SourceQuality "1"]
[WhiteTeam "India"]
[BlackTeam "France"]
[WhiteTeamCountry "IND"]
[BlackTeamCountry "FRA"]

1. c4 e6 2. Nc3 d5 3. d4 a6 4. cxd5 exd5 5. Bf4 Nf6 6. e3 Bd6 7. Bg5 c6 8. Bd3 Nbd7 9. Nge2 O-O 10. Qc2 h6 11. Bh4 Re8 12. h3 Nf8 13. O-O Bd7 14. Rad1 b5 15. Kh1 Ra7 16. Nb1 Ne6 17. Nd2 Rc7 18. Qb1 Ng5 19. f4 Ne6 20. Nf3 Be7 21. Ne5 Nf8 22. Rc1 c5 23. dxc5 Bxc5 24. Nd4 Bd6 25. Rxc7 Bxc7 26. Ndf3 Bb6 27. Re1 Bc8 28. Qc2 Qd6 29. a4 b4 30. a5 Ba7 31. Qa4 Bd7 32. Nxd7 N8xd7 33. Bxf6 Nxf6 34. Ne5 Rxe5 35. fxe5 Qxe5 36. Qxb4 Nh5 37. Qc3 Ng3+ 38. Kg1 Bxe3+ 39. Rxe3 Qxe3+ 40. Kh2 g6 41. Bxa6 Qxc3 42. bxc3 Ne4 43. Bd3 Nd6 44. a6 Nc8 45. Kg3 Kg7 46. Kf4 Kf6 47. c4 Ke6 48. h4 Na7 49. cxd5+ Kxd5 50. Bb1 Kc5 51. Ke5 Kb6 52. Bd3 Nc6+ 53. Kf6 Nb4 54. Be4 g5 55. h5 Nxa6 56. Kxf7 Kc5 57. Kg6 Kd4 58. Kxh6 Kxe4 59. Kxg5 Nc7 60. h6 Ne6+ 61. Kf6 Nf8 62. Kg7 Ne6+ 63. Kf6 Nf8 64. Kg7 Ne6+ 65. Kf6 1/2-1/2

[Event "13th World Teams Play-off"]
[Site "Jerusalem ISR"]
[Date "2022.11.23"]
[Round "1.2"]
[White "Wojtaszek, Radoslaw"]
[Black "Lu, Shanglei"]
[Result "1/2-1/2"]
[WhiteElo "2686"]
[BlackElo "2605"]
[PlyCount "82"]
[EventDate "2022.11.23"]
[SourceTitle "Ajedrez en Madrid"]
[Source "lmi"]
[SourceDate "2022.11.20"]
[SourceVersion "1"]
[SourceVersionDate "2022.11.25"]
[SourceQuality "1"]
[WhiteTeam "Poland"]
[BlackTeam "China"]
[WhiteTeamCountry "POL"]
[BlackTeamCountry "CHN"]

1. d4 Nf6 2. c4 e6 3. Nf3 d5 4. g3 dxc4 5. Bg2 c5 6. O-O Nc6 7. Qa4 Bd7 8. Qxc4 b5 9. Qc3 b4 10. Qd3 Rc8 11. dxc5 Bxc5 12. Nbd2 O-O 13. Nb3 Bb6 14. Be3 e5 15. Nfd2 Be6 16. Rac1 Qxd3 17. exd3 Ne7 18. Bc5 Bxc5 19. Nxc5 Bxa2 20. Bh3 Rc6 21. Rfe1 Bd5 22. d4 e4 23. f3 e3 24. Rxe3 Rc7 25. Bd7 Rd8 26. Rxe7 Rdxd7 27. Nxd7 Rxc1+ 28. Kf2 Rc2 29. Ke3 Rxb2 30. Nxf6+ gxf6 31. Rxa7 Rc2 32. Rd7 Rc3+ 33. Ke2 Bc6 34. Rd8+ Kg7 35. Rb8 b3 36. Rxb3 Bxf3+ 37. Kf2 Rc2 38. Ke3 Bd5 39. Rb5 Rc3+ 40. Ke2 Be6 41. Rb4 Ra3 1/2-1/2

[Event "13th World Teams Play-off"]
[Site "Jerusalem ISR"]
[Date "2022.11.23"]
[Round "1.2"]
[White "Xu, Xiangyu"]
[Black "Piorun, Kacper"]
[Result "1/2-1/2"]
[WhiteElo "2577"]
[BlackElo "2611"]
[PlyCount "267"]
[EventDate "2022.11.23"]
[SourceTitle "Ajedrez en Madrid"]
[Source "lmi"]
[SourceDate "2022.11.20"]
[SourceVersion "1"]
[SourceVersionDate "2022.11.25"]
[SourceQuality "1"]
[WhiteTeam "China"]
[BlackTeam "Poland"]
[WhiteTeamCountry "CHN"]
[BlackTeamCountry "POL"]

1. d4 d5 2. c4 e6 3. Nc3 Nf6 4. cxd5 exd5 5. Bg5 Nbd7 6. e3 h6 7. Bf4 Be7 8. Bd3 c6 9. h3 Nf8 10. Nf3 Ne6 11. Bh2 O-O 12. O-O Bd6 13. Ne5 c5 14. Nb5 Be7 15. dxc5 Nxc5 16. Rc1 a6 17. Nd4 Qb6 18. Qc2 Re8 19. a3 Bd6 20. b4 Nce4 21. Bxe4 dxe4 22. Nc4 Bxh2+ 23. Kxh2 Qc7+ 24. Kg1 Bd7 25. Na5 Qxc2 26. Rxc2 Ba4 27. Rd2 b6 28. Nc4 Rab8 29. Nb2 Bd7 30. Rc1 Kf8 31. Rc7 Rec8 32. Ra7 Ra8 33. Rxa8 Rxa8 34. Nc4 Rb8 35. Kh2 g6 36. f3 exf3 37. gxf3 Nd5 38. e4 Nf4 39. h4 g5 40. Ne5 Be8 41. Nf5 f6 42. Ng4 Bg6 43. Rd6 Bxf5 44. Rxf6+ Ke7 45. Rxf5 Rc8 46. hxg5 hxg5 47. Rxg5 Rc3 48. Rf5 Rxf3 49. Ne5 Rh3+ 50. Kg1 Ne2+ 51. Kf2 Nd4 52. Ng6+ Ke8 53. Rd5 Nb5 54. e5 Kf7 55. Nf4 Rxa3 56. e6+ Ke8 57. Rh5 Nd4 58. Kg2 a5 59. Rh8+ Ke7 60. Rh7+ Ke8 61. e7 Ra2+ 62. Kh3 Nc6 63. Nd5 Nxe7 64. Rxe7+ Kd8 65. Rb7 axb4 66. Nxb4 Rb2 67. Nc6+ Kc8 68. Re7 Rc2 69. Nd4 Rc7 70. Re8+ Kd7 71. Rb8 Rc3+ 72. Kg2 Rd3 73. Nf5 Kc7 74. Ra8 Kb7 75. Ra1 Kc7 76. Kf2 Rd5 77. Ne3 Ra5 78. Rb1 Rc5 79. Kf3 Kc6 80. Ke4 Rh5 81. Nf5 Rh2 82. Rc1+ Kb5 83. Nd4+ Kb4 84. Nc6+ Kb3 85. Kd5 Rh5+ 86. Ne5 b5 87. Rb1+ Kc3 88. Rxb5 Rh8 89. Rc5+ Kd2 90. Ra5 Kc3 91. Kc5 Kd2 92. Ra3 Ke2 93. Kd5 Kd2 94. Ng4 Rd8+ 95. Ke4 Kc2 96. Rh3 Kd2 97. Nf6 Kc2 98. Nd5 Re8+ 99. Kd4 Kd2 100. Rd3+ Ke1 101. Ra3 Kf2 102. Nf6 Rd8+ 103. Ke4 Ke2 104. Rc3 Kd2 105. Rc6 Rh8 106. Kd4 Rd8+ 107. Nd5 Rh8 108. Rf6 Rh4+ 109. Nf4 Rh8 110. Rf7 Ra8 111. Nd5 Ra4+ 112. Ke5 Ra8 113. Rf3 Ke2 114. Rb3 Re8+ 115. Kd4 Kf2 116. Nf6 Rd8+ 117. Ke4 Ke2 118. Ng4 Kd2 119. Ne3 Re8+ 120. Kd4 Ke2 121. Nc4 Kf2 122. Rb2+ Kg3 123. Ne5 Ra8 124. Rb3+ Kf4 125. Rf3+ Kg5 126. Nc6 Ra1 127. Rf8 Rd1+ 128. Ke4 Re1+ 129. Kd5 Ra1 130. Nd4 Kg4 131. Ne2 Ra4 132. Ke5 Ra5+ 133. Ke4 Kg5 134. Nd4 1/2-1/2

[Event "13th World Teams Play-off"]
[Site "Jerusalem ISR"]
[Date "2022.11.23"]
[Round "1.2"]
[White "Bartel, Mateusz"]
[Black "Bai, Jinshi"]
[Result "1/2-1/2"]
[WhiteElo "2627"]
[BlackElo "2569"]
[PlyCount "179"]
[EventDate "2022.11.23"]
[SourceTitle "Ajedrez en Madrid"]
[Source "lmi"]
[SourceDate "2022.11.20"]
[SourceVersion "1"]
[SourceVersionDate "2022.11.25"]
[SourceQuality "1"]
[WhiteTeam "Poland"]
[BlackTeam "China"]
[WhiteTeamCountry "POL"]
[BlackTeamCountry "CHN"]

1. e4 c5 2. Nf3 e6 3. Nc3 Nc6 4. Bb5 Nge7 5. O-O a6 6. Be2 d5 7. exd5 Nxd5 8. Nxd5 Qxd5 9. b3 Be7 10. Bb2 O-O 11. Re1 b6 12. Bd3 Bb7 13. Be4 Qd7 14. Qe2 Rad8 15. Qe3 Nb4 16. Ne5 Qc7 17. a3 Bxe4 18. Qxe4 Nd5 19. c4 Nf6 20. Qc6 Bd6 21. Qf3 Nd7 22. Nxd7 Rxd7 23. h4 e5 24. h5 h6 25. Qf5 f6 26. Re3 Rfd8 27. Bc3 b5 28. a4 b4 29. Bb2 Bf8 30. d3 Rd6 31. Kf1 Qd7 32. Qxd7 R6xd7 33. Rd1 Kf7 34. Ke2 Bd6 35. g4 Bc7 36. Re4 Rd6 37. Bc1 R6d7 38. Be3 Bd6 39. f3 Kf8 40. Bf2 Kf7 41. f4 Re8 42. fxe5 fxe5 43. Be3 Ke6 44. g5 hxg5 45. Rg1 Be7 46. Bxg5 Bxg5 47. Rxg5 Kf6 48. Rg6+ Kf5 49. Reg4 e4 50. R6g5+ Kf6 51. dxe4 Rxe4+ 52. Rxe4 Kxg5 53. Re5+ Kf4 54. Rxc5 Ke4 55. Rg5 Kd4 56. Rg3 Rf7 57. Rd3+ Ke4 58. Re3+ Kd4 59. Rf3 Re7+ 60. Kd2 Re5 61. Rd3+ Kc5 62. Rh3 Rg5 63. Ke3 Rg4 64. Kf3 Rd4 65. Ke2 Re4+ 66. Kd3 Rd4+ 67. Ke3 Rg4 68. a5 Kd6 69. Kf3 Rg5 70. h6 gxh6 71. Rxh6+ Kc5 72. Kf4 Rg1 73. Rxa6 Rb1 74. Ra8 Rxb3 75. Rc8+ Kd6 76. Ke4 Ra3 77. c5+ Kd7 78. Rb8 Rxa5 79. Kd5 Ra6 80. Rb7+ Kc8 81. Rxb4 Rh6 82. Re4 Rg6 83. Re6 Rxe6 84. Kxe6 Kc7 85. Kd5 Kd7 86. c6+ Kc7 87. Kc5 Kc8 88. Kd6 Kd8 89. c7+ Kc8 90. Kc6 1/2-1/2

[Event "13th World Teams Play-off"]
[Site "Jerusalem ISR"]
[Date "2022.11.23"]
[Round "1.2"]
[White "Li, Di"]
[Black "Gumularz, Szymon"]
[Result "1/2-1/2"]
[WhiteElo "2539"]
[BlackElo "2561"]
[PlyCount "145"]
[EventDate "2022.11.23"]
[SourceTitle "Ajedrez en Madrid"]
[Source "lmi"]
[SourceDate "2022.11.20"]
[SourceVersion "1"]
[SourceVersionDate "2022.11.25"]
[SourceQuality "1"]
[WhiteTeam "China"]
[BlackTeam "Poland"]
[WhiteTeamCountry "CHN"]
[BlackTeamCountry "POL"]

1. d4 e6 2. c4 b6 3. Nf3 Bb7 4. g3 Bb4+ 5. Bd2 Be7 6. Bg2 Nf6 7. O-O O-O 8. Nc3 c6 9. Bg5 d5 10. Qb3 Nbd7 11. Rfd1 Rc8 12. Rac1 Qe8 13. cxd5 cxd5 14. e3 a6 15. a4 h6 16. Bxf6 Bxf6 17. Bf1 Qd8 18. Bd3 Be7 19. Qc2 Bd6 20. Qe2 a5 21. Ba6 Bxa6 22. Qxa6 Ra8 23. Qe2 Nb8 24. Nb5 Na6 25. Ne1 Qd7 26. h4 Nb4 27. Nd3 Rfc8 28. Nxb4 Bxb4 29. h5 Be7 30. Kg2 Bf6 31. f4 Be7 32. Qf1 Bb4 33. Qd3 Rab8 34. Qe2 Rc6 35. Rxc6 Qxc6 36. Kf2 f5 37. Rg1 Rf8 38. Rh1 Kh7 39. Kf3 Kg8 40. Kf2 Kh7 41. Kf3 Kg8 42. Rg1 Kh8 43. Qd1 Qc4 44. b3 Qc6 45. Qc1 Rc8 46. Qxc6 Rxc6 47. g4 fxg4+ 48. Rxg4 Be7 49. Rg2 Kg8 50. e4 dxe4+ 51. Kxe4 Rc1 52. Re2 Kf7 53. Rh2 Re1+ 54. Kd3 Rb1 55. Kc4 Rf1 56. Na7 Rxf4 57. Nc6 Bf6 58. Kb5 Bxd4 59. Nxd4 Rxd4 60. Kxb6 Rb4+ 61. Kxa5 Rxb3 62. Rf2+ Ke7 63. Rg2 Kf6 64. Rf2+ Kg5 65. Rg2+ Kf6 66. Rf2+ Ke7 67. Rg2 Kf7 68. Rf2+ Ke7 69. Rg2 Kf6 70. Rf2+ Ke7 71. Rg2 Kf7 72. Rf2+ Ke7 73. Rg2 1/2-1/2

[Event "13th World Teams Play-off"]
[Site "Jerusalem ISR"]
[Date "2022.11.23"]
[Round "1.2"]
[White "Mamedyarov, Shakhriyar"]
[Black "Santos Latasa, Jaime"]
[Result "1/2-1/2"]
[WhiteElo "2741"]
[BlackElo "2665"]
[PlyCount "66"]
[EventDate "2022.11.23"]
[SourceTitle "Ajedrez en Madrid"]
[Source "lmi"]
[SourceDate "2022.11.20"]
[SourceVersion "1"]
[SourceVersionDate "2022.11.25"]
[SourceQuality "1"]
[WhiteTeam "Azerbaijan"]
[BlackTeam "Spain"]
[WhiteTeamCountry "AZE"]
[BlackTeamCountry "ESP"]

1. c4 c5 2. Nf3 Nf6 3. Nc3 Nc6 4. g3 d5 5. cxd5 Nxd5 6. Bg2 g6 7. Qb3 e6 8. Ne4 f5 9. Nc3 Bg7 10. O-O O-O 11. d3 Kh8 12. Bg5 Qd7 13. Rad1 b6 14. e4 Nc7 15. Rfe1 Bb7 16. Qa4 Rae8 17. d4 cxd4 18. e5 d3 19. Re3 Nd5 20. Rdxd3 Nxc3 21. bxc3 Qc7 22. Qh4 Kg8 23. Bf6 h6 24. Qc4 Rf7 25. Bxg7 Kxg7 26. Rd6 Na5 27. Qxc7 Rxc7 28. Nd4 Rce7 29. Re2 Bxg2 30. Kxg2 Nb7 31. Rc6 Na5 32. Rd6 Nb7 33. Rc6 Na5 1/2-1/2

[Event "13th World Teams Play-off"]
[Site "Jerusalem ISR"]
[Date "2022.11.23"]
[Round "1.2"]
[White "Anton Guijarro, David"]
[Black "Radjabov, Teimour"]
[Result "1-0"]
[WhiteElo "2668"]
[BlackElo "2747"]
[PlyCount "135"]
[EventDate "2022.11.23"]
[SourceTitle "Ajedrez en Madrid"]
[Source "lmi"]
[SourceDate "2022.11.20"]
[SourceVersion "1"]
[SourceVersionDate "2022.11.25"]
[SourceQuality "1"]
[WhiteTeam "Spain"]
[BlackTeam "Azerbaijan"]
[WhiteTeamCountry "ESP"]
[BlackTeamCountry "AZE"]

1. d4 Nf6 2. c4 e6 3. Nc3 Bb4 4. f3 c5 5. d5 O-O 6. e4 d6 7. Nge2 Re8 8. Ng3 b5 9. Be2 bxc4 10. Bxc4 e5 11. O-O Nbd7 12. Be3 Nf8 13. Qc2 Ng6 14. a3 Ba5 15. Rab1 Nf4 16. Nge2 N6h5 17. Kh1 g6 18. g4 Nxe2 19. Nxe2 Ng7 20. Ng3 Bd7 21. Qf2 f6 22. Bh6 Qe7 23. Qe2 Rab8 24. Rbc1 Rf8 25. f4 exf4 26. Rxf4 Qe5 27. Rf2 Rf7 28. Rcf1 Rbf8 29. Bf4 Qe7 30. Kg2 Bd8 31. Bh6 Qe5 32. Bf4 Qe7 33. Bd2 Qe5 34. Bc3 Qg5 35. Rf4 Qh6 36. Bd2 g5 37. R4f2 Qh4 38. h3 h5 39. Nf5 Nxf5 40. exf5 Re8 41. Qf3 hxg4 42. hxg4 Rh7 43. Qg3 Re4 44. Be2 Bb6 45. Bf3 Re8 46. Qxh4 Rxh4 47. Re1 Rxe1 48. Bxe1 Rh7 49. Re2 a5 50. Bg3 Bc7 51. b4 axb4 52. axb4 cxb4 53. Rb2 Kf7 54. Rxb4 Ke7 55. Rb7 Ba5 56. Be2 Bc3 57. Bb5 Kd8 58. Bxd6 Bxf5 59. Rb8+ Bc8 60. Ba6 Kd7 61. Rxc8 Kxd6 62. Rxc3 Kxd5 63. Rf3 Ke6 64. Bc4+ Ke5 65. Bd3 Rc7 66. Bf5 Rc6 67. Re3+ Kd4 68. Re6 1-0

[Event "13th World Teams Play-off"]
[Site "Jerusalem ISR"]
[Date "2022.11.23"]
[Round "1.2"]
[White "Guseinov, Gadir"]
[Black "Shirov, Alexei"]
[Result "1-0"]
[WhiteElo "2661"]
[BlackElo "2666"]
[PlyCount "103"]
[EventDate "2022.11.23"]
[SourceTitle "Ajedrez en Madrid"]
[Source "lmi"]
[SourceDate "2022.11.20"]
[SourceVersion "1"]
[SourceVersionDate "2022.11.25"]
[SourceQuality "1"]
[WhiteTeam "Azerbaijan"]
[BlackTeam "Spain"]
[WhiteTeamCountry "AZE"]
[BlackTeamCountry "ESP"]

1. e4 c5 2. Nf3 Nc6 3. Nc3 e5 4. Bc4 Be7 5. d3 d6 6. O-O Nf6 7. Ng5 O-O 8. f4 Bg4 9. Qe1 exf4 10. Bxf4 Nd4 11. Qf2 Be6 12. Nf3 Bxc4 13. dxc4 Ne6 14. Bg3 Ng4 15. Qd2 Bf6 16. Rad1 Ne5 17. b3 Nxf3+ 18. gxf3 Bd4+ 19. Kg2 f5 20. exf5 Rxf5 21. Nd5 Qd7 22. c3 Be5 23. f4 Bf6 24. Ne3 Qc6+ 25. Kg1 Rh5 26. Qe2 Qe8 27. Nd5 Nf8 28. Qxe8 Rxe8 29. Nxf6+ gxf6 30. f5 Rg5 31. Rxd6 Kf7 32. Rd5 b6 33. Kf2 h5 34. Re1 h4 35. Bxh4 Rxe1 36. Kxe1 Rg1+ 37. Kf2 Rc1 38. Rd6 Rc2+ 39. Kg3 Rxa2 40. Rxf6+ Ke8 41. Rc6 Kd7 42. Rh6 Ra3 43. Bf6 Ke8 44. Be5 Rxb3 45. Rh8 Kf7 46. h4 a5 47. h5 a4 48. h6 Rb1 49. Kg2 Rb2+ 50. Kf3 Rb1 51. Bg7 Nd7 52. Rd8 1-0

[Event "13th World Teams Play-off"]
[Site "Jerusalem ISR"]
[Date "2022.11.23"]
[Round "1.2"]
[White "Santos Ruiz, Miguel"]
[Black "Mamedov, Rauf"]
[Result "1-0"]
[WhiteElo "2587"]
[BlackElo "2646"]
[PlyCount "111"]
[EventDate "2022.11.23"]
[SourceTitle "Ajedrez en Madrid"]
[Source "lmi"]
[SourceDate "2022.11.20"]
[SourceVersion "1"]
[SourceVersionDate "2022.11.25"]
[SourceQuality "1"]
[WhiteTeam "Spain"]
[BlackTeam "Azerbaijan"]
[WhiteTeamCountry "ESP"]
[BlackTeamCountry "AZE"]

1. e4 c5 2. Nf3 d6 3. d4 cxd4 4. Nxd4 Nf6 5. Nc3 Nc6 6. Bc4 Qb6 7. Nxc6 bxc6 8. O-O g6 9. Qe1 Qc7 10. Bf4 Nd7 11. Rd1 Bg7 12. Qd2 Rb8 13. Bh6 O-O 14. Bxg7 Kxg7 15. b3 Nf6 16. Rfe1 Be6 17. Bxe6 fxe6 18. e5 dxe5 19. Qe2 Nd5 20. Ne4 Nf4 21. Qe3 Nd5 22. Qg3 Kg8 23. c4 Nf4 24. Qe3 Qa5 25. g3 Nh5 26. Nc5 Qxa2 27. Ra1 Qb2 28. Reb1 Qc2 29. Nd7 Nf6 30. Nxf8 Rxf8 31. Qxe5 Ne4 32. Rb2 Qd3 33. Re1 Nd2 34. Qxe6+ Rf7 35. Rxd2 Qxd2 36. Re2 Qd3 37. b4 Kg7 38. Qe5+ Kg8 39. Qe6 Kg7 40. c5 h5 41. h4 a6 42. Qe4 Qd7 43. Kg2 Qd1 44. Ra2 Qb3 45. Rxa6 Qb2 46. Qe3 Qxb4 47. Rxc6 Qc4 48. Re6 Qd5+ 49. Kg1 Qd1+ 50. Qe1 Qd5 51. c6 Qc4 52. Qe5+ Kh7 53. Rxe7 Kg8 54. Re8+ Rf8 55. Rxf8+ Kxf8 56. Qf4+ 1-0

[Event "13th World Teams Play-off"]
[Site "Jerusalem ISR"]
[Date "2022.11.23"]
[Round "1.2"]
[White "Yakubboev, Nodirbek"]
[Black "Ivanchuk, Vasyl"]
[Result "1/2-1/2"]
[WhiteElo "2667"]
[BlackElo "2673"]
[PlyCount "79"]
[EventDate "2022.11.23"]
[SourceTitle "Ajedrez en Madrid"]
[Source "lmi"]
[SourceDate "2022.11.20"]
[SourceVersion "1"]
[SourceVersionDate "2022.11.25"]
[SourceQuality "1"]
[WhiteTeam "Uzbekistan"]
[BlackTeam "Ukraine"]
[WhiteTeamCountry "UZB"]
[BlackTeamCountry "UKR"]

1. c4 c5 2. g3 g6 3. Bg2 Bg7 4. Nc3 Nc6 5. Nf3 d6 6. O-O Nh6 7. d4 cxd4 8. Nxd4 Bd7 9. Nxc6 bxc6 10. Bd2 Qc8 11. Rc1 O-O 12. b4 Bh3 13. e4 Bxg2 14. Kxg2 f5 15. Qe2 fxe4 16. Nxe4 Nf5 17. Bc3 Bxc3 18. Nxc3 Qb7 19. Qe4 Qxb4 20. Qxc6 Rac8 21. Qd5+ Kh8 22. Ne4 Qb2 23. Qd2 Qxd2 24. Nxd2 Rc7 25. Rc3 Rfc8 26. Rfc1 Nd4 27. Kf1 Nc6 28. Ke2 Kg7 29. f4 Kf7 30. Ke3 Ke8 31. a3 Kd7 32. Kd3 Nd8 33. Rb1 Ne6 34. Ne4 Rc6 35. Rb5 Ra6 36. Rcb3 Ra4 37. R5b4 Ra5 38. Rb5 Ra4 39. R5b4 Ra5 40. Rb5 1/2-1/2

[Event "13th World Teams Play-off"]
[Site "Jerusalem ISR"]
[Date "2022.11.23"]
[Round "1.2"]
[White "Shevchenko, Kirill"]
[Black "Sindarov, Javokhir"]
[Result "1-0"]
[WhiteElo "2649"]
[BlackElo "2654"]
[PlyCount "129"]
[EventDate "2022.11.23"]
[SourceTitle "Ajedrez en Madrid"]
[Source "lmi"]
[SourceDate "2022.11.20"]
[SourceVersion "1"]
[SourceVersionDate "2022.11.25"]
[SourceQuality "1"]
[WhiteTeam "Ukraine"]
[BlackTeam "Uzbekistan"]
[WhiteTeamCountry "UKR"]
[BlackTeamCountry "UZB"]

1. e4 e5 2. Nf3 Nc6 3. Bb5 a6 4. Ba4 Nf6 5. O-O Nxe4 6. d4 b5 7. Bb3 d5 8. dxe5 Be6 9. Nbd2 Nc5 10. c3 Be7 11. Bc2 d4 12. Nb3 dxc3 13. Nxc5 Bxc5 14. Be4 Qd7 15. Bg5 h6 16. Qc2 hxg5 17. Rad1 Nb4 18. Qxc3 Bxf2+ 19. Kxf2 Nd5 20. Qc5 c6 21. Nxg5 Rh5 22. Nf3 Qa7 23. Rc1 Ne7 24. b3 Qxc5+ 25. Rxc5 Rc8 26. Rfc1 Kd7 27. Rd1+ Kc7 28. Rd6 Bg4 29. Bxc6 Rxe5 30. Rdd5 Rxd5 31. Bxd5+ Kd6 32. Rxc8 Bxc8 33. Bxf7 Nd5 34. a3 Nc3 35. Nd2 Ke5 36. Ke3 Bg4 37. Nf3+ Kd6 38. Nd2 Ke5 39. Kd3 Nd5 40. Bxd5 Kxd5 41. Nf1 Be6 42. Ne3+ Ke5 43. b4 Bg8 44. Ng4+ Kd5 45. Nf2 Ke5 46. Ng4+ Kf4 47. Nf2 Bd5 48. g3+ Kf3 49. Kd4 Bb7 50. Nd3 Kg2 51. Ke3 Kxh2 52. Kf4 g5+ 53. Kxg5 Kxg3 54. Kf6 Kf3 55. Nc5 Bc6 56. Ke5 Ke3 57. Nxa6 Kd3 58. Kd6 Bf3 59. Kc5 Kc3 60. Kxb5 Kb3 61. a4 Bh5 62. Nc5+ Kc3 63. Ne4+ Kb3 64. Nd6 Be2+ 65. Ka5 1-0

[Event "13th World Teams Play-off"]
[Site "Jerusalem ISR"]
[Date "2022.11.23"]
[Round "1.2"]
[White "Vokhidov, Shamsiddin"]
[Black "Volokitin, Andrei"]
[Result "1-0"]
[WhiteElo "2568"]
[BlackElo "2663"]
[PlyCount "69"]
[EventDate "2022.11.23"]
[SourceTitle "Ajedrez en Madrid"]
[Source "lmi"]
[SourceDate "2022.11.20"]
[SourceVersion "1"]
[SourceVersionDate "2022.11.25"]
[SourceQuality "1"]
[WhiteTeam "Uzbekistan"]
[BlackTeam "Ukraine"]
[WhiteTeamCountry "UZB"]
[BlackTeamCountry "UKR"]

1. e4 c5 2. Nf3 d6 3. Bb5+ Nd7 4. a4 Ngf6 5. Nc3 a6 6. Be2 g6 7. O-O Bg7 8. d4 cxd4 9. Nxd4 b6 10. Nc6 Qc7 11. Nb4 Bb7 12. Nbd5 Qd8 13. Be3 O-O 14. Qd2 e6 15. Nxf6+ Nxf6 16. Bf3 Qc7 17. Rfd1 Rfd8 18. Bd4 d5 19. exd5 Nxd5 20. Bxd5 Bxd5 21. Qe3 Bxd4 22. Rxd4 Bb7 23. Rad1 Rxd4 24. Qxd4 Rc8 25. h4 h5 26. Rd2 b5 27. axb5 axb5 28. f3 e5 29. Qe3 Ra8 30. Nxb5 Ra1+ 31. Kh2 Qc4 32. Rd8+ Kh7 33. Qg5 Bxf3 34. Nd4 Be4 35. Qf6 1-0

[Event "13th World Teams Play-off"]
[Site "Jerusalem ISR"]
[Date "2022.11.23"]
[Round "1.2"]
[White "Bernadskiy, Vitaliy"]
[Black "Vakhidov, Jakhongir"]
[Result "0-1"]
[WhiteElo "2615"]
[BlackElo "2607"]
[PlyCount "104"]
[EventDate "2022.11.23"]
[SourceTitle "Ajedrez en Madrid"]
[Source "lmi"]
[SourceDate "2022.11.20"]
[SourceVersion "1"]
[SourceVersionDate "2022.11.25"]
[SourceQuality "1"]
[WhiteTeam "Ukraine"]
[BlackTeam "Uzbekistan"]
[WhiteTeamCountry "UKR"]
[BlackTeamCountry "UZB"]

1. e4 c5 2. Nf3 Nc6 3. d4 cxd4 4. Nxd4 g6 5. c4 Bg7 6. Be3 Qb6 7. Nb3 Qd8 8. Qd2 Nf6 9. f3 d6 10. Be2 O-O 11. Nc3 a5 12. Nd4 Nxd4 13. Bxd4 Bd7 14. g4 a4 15. h4 Qa5 16. h5 Be6 17. O-O-O Rfc8 18. hxg6 fxg6 19. g5 Ne8 20. Bxg7 Nxg7 21. Nd5 Bxd5 22. Qxd5+ Qxd5 23. Rxd5 Ne6 24. Kd2 Rc5 25. Rg1 Ra6 26. Rg4 Nc7 27. Rxc5 dxc5 28. Kc3 e5 29. f4 exf4 30. Rxf4 Re6 31. Bd1 Re5 32. Bxa4 Ne6 33. Rg4 Nxg5 34. Kd3 Kg7 35. Ke3 h5 36. Rh4 Nf7 37. Bd1 Nd6 38. b3 Nf5+ 39. Kf4 Kf6 40. Rh1 g5+ 41. Kf3 g4+ 42. Kf4 Rxe4+ 43. Kxe4 Ng3+ 44. Kf4 Nxh1 45. Bc2 Nf2 46. Kg3 Nh3 47. Kh4 Ng5 48. a3 Nf3+ 49. Kg3 Kg5 50. Be4 h4+ 51. Kf2 Kf4 52. Bxb7 h3 0-1

[Event "13th World Teams Play-off"]
[Site "Jerusalem ISR"]
[Date "2022.11.23"]
[Round "1.2"]
[White "Vidit, Santosh Gujrathi"]
[Black "Vachier-Lagrave, Maxime"]
[Result "0-1"]
[WhiteElo "2724"]
[BlackElo "2736"]
[PlyCount "140"]
[EventDate "2022.11.23"]
[SourceTitle "Ajedrez en Madrid"]
[Source "lmi"]
[SourceDate "2022.11.20"]
[SourceVersion "1"]
[SourceVersionDate "2022.11.25"]
[SourceQuality "1"]
[WhiteTeam "India"]
[BlackTeam "France"]
[WhiteTeamCountry "IND"]
[BlackTeamCountry "FRA"]

1. d4 Nf6 2. Nf3 g6 3. b3 Bg7 4. Bb2 O-O 5. e3 b6 6. c4 Bb7 7. Nc3 d5 8. Rc1 e6 9. cxd5 exd5 10. Bd3 Nbd7 11. O-O a6 12. b4 Re8 13. a4 c5 14. bxc5 bxc5 15. dxc5 Nxc5 16. Ne2 Rc8 17. Bd4 Qa5 18. Bxc5 Rxc5 19. Rxc5 Qxc5 20. Qb3 Re7 21. Rc1 Qd6 22. a5 Rc7 23. Qb6 Qxb6 24. axb6 Rxc1+ 25. Nxc1 Nd7 26. Nb3 Bc3 27. Nfd4 Kf8 28. Kf1 Ke7 29. Ne2 Bb4 30. Nec1 Nxb6 31. Na2 Bd6 32. Na5 Bc8 33. Ke2 Kd7 34. Kd2 Kc7 35. g3 Na4 36. Kc2 Nc5 37. Nb3 Ne4 38. f3 Nf6 39. Nc3 h5 40. Na4 Nd7 41. Nc3 Nb6 42. e4 dxe4 43. Nxe4 Be7 44. f4 Nd5 45. Kd2 Bb4+ 46. Kc1 a5 47. Ng5 f6 48. Nf3 Ne7 49. Nh4 g5 50. fxg5 fxg5 51. Ng6 Nxg6 52. Bxg6 h4 53. gxh4 gxh4 54. Nd4 Be7 55. Bf5 Bb7 56. h3 Bf6 57. Nb5+ Kb6 58. Nd6 Bd5 59. Bc2 Kc6 60. Ne4 Be7 61. Kd2 Be6 62. Ba4+ Kb6 63. Nf2 Kc5 64. Kc3 Bf6+ 65. Kc2 Bd4 66. Nd3+ Kd6 67. Nf4 Bf5+ 68. Kd2 Be5 69. Ke3 Bxf4+ 70. Kxf4 Bxh3 0-1